000 00829nam a22002297i 4500
999 _c23444
_d23444
003 AR-CdUCM
008 260115b20222022 pe||||| |||| 00| 0 spa d
020 _a978-84-18898-76-1
040 _aMUNICIPALIDAD PROVINCIAL DEL CUSCO
_cBIBLIOTECA MUNICIPAL DEL CUSCO
041 _hspa
082 _aES / 541
_bU36
100 _aUlivieri, Filippo - Odino, Simone
_951991
245 _a2001 entre Kubrick y Clarke :
_bLa Génesis, autoría y creación de una obra maestra /
260 _aLima :
_bDolmen Editorial
_c2022
300 _a184 páginas. :
_c20x13 cm.
505 _aLa carrera espacial de Starley Kubrick -- Una experiencia maravillosa intercalada con agonía
650 _aBomba-H
_951992
650 _aCarrera espacial
_918599
856 _fwww.dolmeneditorial.com
942 _2ddc
_cLIBROS
945 _apbjr
_d15-01-2022